000 00508nam a2200181Ia 4500
003 OSt
005 20260102154729.0
008 210210b1947 xxu||||| |||| 00| 0 eng d
040 _cAL
041 _akan
082 _a859/1809
100 _aVENKATESHAYYA (M G)
_9156550
_dವೆಂಕಟೇಶಯ್ಯ (ಎಂ ಜಿ)
245 _aMadhava Lile:
_bಮಾಧವ ಲೀಲೆ
260 _aDharavada
_bSamaja Pustakalaya
_c1947
690 _aKannada Fiction
_9156551
906 _a022529
942 _2ddc
_cBK
999 _c146941
_d146941